|
|
|
|
| LEADER |
01400nam a2200349 a 4500 |
| 001 |
000643906 |
| 003 |
CZ BrMZK |
| 005 |
20030529112319.0 |
| 007 |
ta |
| 008 |
030106s2002 xr f cze d |
| 020 |
|
|
|a 80-85868-43-1
|
| 040 |
|
|
|a BOA001
|b cze
|
| 043 |
|
|
|a e-xr---
|
| 080 |
|
|
|a 929
|2 MRF
|
| 080 |
|
|
|a 75.071.1
|2 MRF
|
| 080 |
|
|
|a 75(437.3)
|2 MRF
|
| 080 |
|
|
|a (083.81)
|2 MRF
|
| 080 |
|
|
|a (084.11)
|2 MRF
|
| 100 |
1 |
|
|a Zoubek, Václav,
|d 1953-
|7 jo2002112328
|4 aut
|
| 245 |
1 |
0 |
|a Václav Zoubek :
|b malby z let 1976-2001 : katalog maleb, které mají charakter závěsného obrazu, olejomalby či tempery na plátně, dřevě nebo sololitových deskách /
|c [autor textu Václav Zoubek, fotografií Václav Braný ... [et al.]
|
| 260 |
|
|
|a Rakovník :
|b Rabasova galerie,
|c 2002
|
| 300 |
|
|
|a 1 nestránkovaný sv. :
|b il. (některé barev.) ;
|c 31 cm
|
| 600 |
1 |
7 |
|a Zoubek, Václav,
|d 1953-
|7 jo2002112328
|2 czenas
|
| 650 |
0 |
7 |
|a české malířství
|7 ph116864
|2 czenas
|
| 650 |
0 |
7 |
|a malíři
|7 ph122596
|z Česko
|2 czenas
|
| 655 |
|
7 |
|a obrazové publikace
|7 fd132947
|2 czenas
|
| 655 |
|
7 |
|a katalogy
|7 fd132535
|2 czenas
|
| 700 |
1 |
|
|a Braný, Václav,
|d 1929-
|7 ola2004209197
|4 pht
|
| 710 |
2 |
|
|a Rabasova galerie (Rakovník, Česko)
|7 ko2002161939
|
| 910 |
|
|
|a BOA001
|b 4-1108.834
|
| 990 |
|
|
|a BK
|
| 996 |
6 |
|
|b 2610177916
|c 4-1108.834
|l MZK
|r Sklad / do 1 hodiny
|n 0
|p p.v.
|w 000643906
|u 000010
|a 1
|e BOA001
|j MZK50
|s P
|